| 000 | 00553nam a2200217 a 4500 | ||
|---|---|---|---|
| 999 |
_c4245 _d4245 |
||
| 001 | 4245 | ||
| 003 | BD-JhCC | ||
| 005 | 20171125172737.0 | ||
| 008 | 171125s1957 r |||| ||a| 00| 0 eng d | ||
| 035 | _a(BD-JhCC) 4245 | ||
| 040 |
_aBD-JhCC _dBD-JhCC |
||
| 041 | _aeng | ||
| 082 |
_a823.914 _bKAS 1957 |
||
| 100 | _aKassil, Lev | ||
| 245 |
_aThe Hero's Brother / _c Lev Kassil |
||
| 260 |
_aMoscoe : _bForeign Languages Publishing House,Mosco , |
||
| 300 |
_a79 p .: _c22 cm . |
||
| 650 | _aChildren Literature | ||
| 942 |
_2ddc _cBK |
||